| 000 | 01215nam a22003857a 4500 | ||
|---|---|---|---|
| 003 | CHAP | ||
| 005 | 20220817044435.0 | ||
| 008 | 110426s2010 it rn 00010 eng d | ||
| 010 | _a101046 | ||
| 011 | _a102018 | ||
| 020 | _a9789251066973 | ||
| 035 | _a112706 | ||
| 040 | _cCHAP | ||
| 082 | 0 | 4 |
_a636 _bF211y |
| 110 | 2 | _aFAO | |
| 245 | 1 | 0 |
_aSustainable improvement of animal production and health _c/editado por N. E.Odingo, M. Garcia y G. J. Viljoen |
| 260 |
_aRome : _bFAO, _c2010 |
||
| 300 |
_axxxv, 393 p. : _bilus., gráfs. |
||
| 590 |
_aBATCH-UPD _b10 _c20130110 _lUCH01 _h1209 |
||
| 590 |
_aBATCH-UPD _b10 _c20130410 _lUCH01 _h0749 |
||
| 590 |
_aBATCH-UPD _b10 _c20130914 _lUCH01 _h1306 |
||
| 590 |
_aCONVERSION _b10 _c20130109 _lUCH01 _h1356 |
||
| 650 | 1 | 4 |
_aEnergía nuclear. _936908 |
| 650 | 1 | 4 |
_aGanado. _944888 |
| 650 | 1 | 4 |
_aGanado _xEnfermedades. _944909 |
| 650 | 1 | 4 | _aNutrición animal. |
| 650 | 1 | 4 |
_aProducción animal. _991859 |
| 650 | 1 | 4 |
_aSanidad animal. _9102221 |
| 700 | 1 |
_aGarcía, M. _946795 |
|
| 700 | 1 |
_aOdongo, N.E. _982733 |
|
| 700 | 1 |
_aViljoen, G.J. _9119344 |
|
| 901 | _aBK | ||
| 942 | _cLIBRO | ||
| 949 |
_a636 F211y _bBC _cFAO _d33724002256702 _eFAO1 _gDonaciØn _h114749 _i112706 _sb |
||
| 999 |
_c101046 _d101046 |
||